000 01588aam a2200217 a 4500
003 AR-RoUNCS
005 20260625162048.0
007 ta
008 070426s2004 ag |r 00| 0 spa d
020 _z987-95843-5
040 _aAR-RoUNCS
_bspa
_cAR-RoUNCS
041 _aspa
100 1 _aSchuster, Félix Gustavo
_eautor
245 1 3 _aEl método en las ciencias sociales /
_cFélix Gustavo Schuster.
260 _a[Buenos Aires] :
_bEditores de América Latina,
_cc2004.
300 _a139 p. ;
_c17 cm.
505 0 _a1. Las ciencias sociales: facticidad y confrontación -- 2. Método, realidad e investigación -- 3. ¿Uno o varios métodos? -- 4. Método axiomático y modelos -- 5. Inducción y método hipotético-deductivo -- 6. Método abstracto-deductivo y dialéctica -- 7. Comprensión, fenomenología y método progresivo-regresivo.
520 _a¿Se utilizan en las ciencias sociales métodos compartidos con otras disciplinas científicas? ¿Disponen las ciencias sociales de métodos propios? ¿Cómo aportan los métodos al conocimiento científico?: son algunas de las cuestiones que se intentan resolver en este libro, que trata el problema del método en las ciencias sociales sistemática y críticamente. Los métodos axiomático, inductivo, hipotético-deductivo, abstracto-deductivo, dialéctico, de la compresión, fenomenológico y progresivo-regresivo son analizados teórica y prácticamente, en su aplicación a la ciencia social y a la investigación científica.
650 7 _aCiencias sociales
_xMetodología
_xInvestigación
_2embne
942 _2udc
_cOG
_n0
999 _c1060
_d1060